000 00685nam a2200289Ia 4500
005 20260324122726.0
008 008 260324s9999 xx 000 0 eng d
020 _a9780203808818
037 _aEBOOK
040 _aCRL
040 _beng
040 _cCRL
041 _2eng
041 _aeng
084 _qCRL
100 _aS Mahmud Ali
_91167565
245 0 _aAsia-Pacific Security Dynamics in the Obama Era
245 2 _bA New World Emerging
260 _bTaylor and Francis
260 _c2012
365 _a
365 _b240
856 _uhttp://www.taylorfrancis.com/books/9780203808818
942 _cEBOOK
999 _c1760528
_d1760528